Starters For #1 Seed 2000-2021 - Statistics

General Stats
  • This quiz has been taken 45 times
  • The average score is 134 of 215
Answer Stats
Team Pos Player % Correct
Lakers00 PF A.C. Green
100%
76ers21 SF Danny Green
100%
Lakers20 SG Danny Green
100%
Spurs14 SG Danny Green
100%
Spurs12 SG Danny Green
100%
Spurs11 SG Danny Green
100%
Warriors19 PF Draymond Green
100%
Warriors17 PF Draymond Green
100%
Warriors16 PF Draymond Green
100%
Warriors15 PF Draymond Green
100%
76ers21 C Joel Embiid
100%
Pistons03 SF Michael Curry
100%
76ers21 SG Seth Curry
100%
Warriors19 PG Stephen Curry
100%
Warriors17 PG Stephen Curry
100%
Warriors16 PG Stephen Curry
100%
Warriors15 PG Stephen Curry
100%
Warriors19 SG Klay Thompson
97%
Warriors17 SG Klay Thompson
97%
Warriors16 SG Klay Thompson
97%
Warriors15 SG Klay Thompson
97%
Lakers20 SF LeBron James
97%
Cavaliers16 SF LeBron James
97%
Heat13 SF LeBron James
97%
Cavs11 SF LeBron James
97%
Cavs10 SF LeBron James
97%
Bucks20 PF Giannis Antetokounmpo
94%
Bucks19 PF Giannis Antetokounmpo
94%
Rockets18 SG James Harden
94%
Jazz21 C Rudy Gobert
94%
Spurs14 SF Kawhi Leonard
92%
Spurs12 SF Kawhi Leonard
92%
Warriors19 SF Kevin Durant
92%
Warriors17 SF Kevin Durant
92%
Thunder13 SF Kevin Durant
92%
Cavaliers16 PG Kyrie Irving
92%
Cavaliers16 C Tristan Thompson
92%
Rockets18 PG Chris Paul
89%
Pacers14 PF David West
89%
Cavs11 SG Delonte West
89%
Cavs10 SG Delonte West
89%
Jazz21 SG Donovan Mitchell
89%
Thunder13 PG Russell Westbrook
89%
Spurs14 PF Tim Duncan
89%
Spurs12 PF Tim Duncan
89%
Spurs11 PF Tim Duncan
89%
Spurs06 C Tim Duncan
89%
Spurs03 PF Tim Duncan
89%
Spurs01 PF Tim Duncan
89%
Lakers10 SG Kobe Bryant
86%
Lakers09 SG Kobe Bryant
86%
Lakers08 SG Kobe Bryant
86%
Lakers00 SG Kobe Bryant
86%
Spurs06 SG Manu Ginobili
86%
Lakers10 PF Pau Gasol
86%
Lakers09 PF Pau Gasol
86%
Lakers08 C Pau Gasol
86%
Celtics08 SG Ray Allen
86%
Cavs10 C Shaquille O'Neal
86%
Heat05 C Shaquille O'Neal
86%
Lakers00 C Shaquille O'Neal
86%
Spurs14 PG Tony Parker
86%
Spurs12 PG Tony Parker
86%
Spurs11 PG Tony Parker
86%
Spurs06 PG Tony Parker
86%
Spurs03 PG Tony Parker
86%
Lakers20 PF Anthony Davis
83%
Heat13 C Chris Bosh
83%
Bulls12 PG Derrick Rose
83%
Heat13 SG Dwayne Wade
83%
Heat05 SG Dwayne Wade
83%
Pacers00 SF Jalen Rose
83%
Celtics08 PF Kevin Garnett
83%
Wolves04 PF Kevin Garnett
83%
Cavaliers16 PF Kevin Love
83%
Bucks20 SF Khris Middleton
83%
Bucks19 SF Khris Middleton
83%
Pacers00 PF Dale Davis
81%
Sixers01 SG Allen Iverson
78%
76ers21 PG Ben Simmons
78%
Bucks20 C Brook Lopez
78%
Bucks19 C Brook Lopez
78%
Raptors18 SG DeMar DeRozan
78%
Celtics08 SF Paul Pierce
78%
Pistons06 C Ben Wallace
75%
Pistons03 C Ben Wallace
75%
Celtics17 PG Isaiah Thomas
75%
Raptors18 PG Kyle Lowry
75%
Celtics08 PG Rajon Rondo
75%
Pistons07 PF Rasheed Wallace
75%
Pistons06 PF Rasheed Wallace
75%
Pacers04 SG Reggie Miller
75%
Pacers00 SG Reggie Miller
75%
Pistons03 PF Cliff Robinson
72%
Spurs03 C David Robinson
72%
Spurs01 C David Robinson
72%
Pacers04 C Jermaine O'Neal
72%
Pacers14 SF Paul George
72%
Suns05 PG Steve Nash
72%
Mavs07 PF Dirk Nowitzki
69%
Nets02 PG Jason Kidd
69%
Mavs07 SF Josh Howard
69%
Raptors18 PF Serge Ibaka
69%
Thunder13 PF Serge Ibaka
69%
Mavs07 SG Devin Harris
67%
Bulls12 C Joakim Noah
67%
Cavaliers16 SG J.R. Smith
67%
Thunder13 C Kendrick Perkins
67%
Celtics08 C Kendrick Perkins
67%
Celtics17 C Al Horford
64%
Hawks15 C Al Horford
64%
Pistons07 PG Chauncey Billups
64%
Pistons06 PG Chauncey Billups
64%
Pistons03 PG Chauncey Billups
64%
Hawks15 PG Jeff Teague
64%
Rockets18 C Clint Capela
61%
76ers21 PF Tobias Harris
61%
Celtics17 PF Amir Johnson
58%
Wolves04 C Ervin Johnson
58%
Warriors16 SF Harrison Barnes
58%
Warriors15 SF Harrison Barnes
58%
Suns05 SG Joe Johnson
58%
Hawks15 SG Kyle Korver
58%
Heat13 PG Mario Chalmers
58%
Jazz21 PG Mike Conley
58%
Rockets18 PF P.J. Tucker
58%
Lakers10 SF Ron Artest
58%
Pacers04 SF Ron Artest
58%
Suns05 C Amar'e Stoudemire
56%
Pacers14 PG George Hill
56%
Cavs11 PG Mo Williams
56%
Cavs10 PG Mo Williams
56%
Sixers01 PF Tyrone Hill
56%
Warriors16 C Andrew Bogut
53%
Warriors15 C Andrew Bogut
53%
Lakers10 PG Derek Fisher
53%
Lakers09 PG Derek Fisher
53%
Lakers08 PG Derek Fisher
53%
Bulls12 SG Richard Hamilton
53%
Pistons07 SG Richard Hamilton
53%
Pistons06 SG Richard Hamilton
53%
Pistons03 SG Richard Hamilton
53%
Pistons07 C Chris Webber
50%
Kings02 PF Chris Webber
50%
Raptors18 C Jonas Valančiūnas
50%
Bulls12 SF Luol Deng
50%
Hawks15 PF Paul Millsap
50%
Warriors17 C Zaza Pachulia
50%
Lakers20 C JaVale McGee
47%
Pacers14 C Roy Hibbert
47%
Rockets18 SF Eric Gordon
44%
Spurs14 C Tiago Splitter
44%
Kings02 C Vlade Divac
44%
Bucks20 PG Eric Bledsoe
42%
Bucks19 PG Eric Bledsoe
42%
Pistons07 SF Tayshaun Prince
42%
Pistons06 SF Tayshaun Prince
42%
Heat13 PF Udonis Haslem
42%
Heat05 PF Udonis Haslem
42%
Cavs11 C Zydrunas Ilgauskas
42%
Cavs10 PF Zydrunas Ilgauskas
42%
Lakers10 C Andrew Bynum
39%
Lakers09 C Andrew Bynum
39%
Lakers08 PF Andrew Bynum
39%
Jazz21 PF Bojan Bogdanović
39%
Spurs12 C Boris Diaw
39%
Bulls12 PF Carlos Boozer
39%
Sixers01 C Dikembe Mutombo
39%
Lakers20 PG Kentavious Caldwell-Pope
39%
Thunder13 SG Thabo Sefolosha
39%
Pacers00 PG Mark Jackson
36%
Suns05 PF Shawn Marion
36%
Spurs03 SG Stephen Jackson
36%
Lakers09 SF Trevor Ariza
36%
Warriors19 C DeMarcus Cousins
33%
Hawks15 SF DeMarre Carroll
33%
Kings02 SF Peja Stojakovic
33%
Wolves04 PG Sam Cassell
33%
Celtics17 SG Avery Bradley
31%
Spurs06 SF Bruce Bowen
31%
Spurs03 SF Bruce Bowen
31%
Pacers14 SG Lance Stephenson
31%
Kings02 PG Mike Bibby
31%
Spurs11 SF Richard Jefferson
28%
Celtics17 SF Jae Crowder
25%
Spurs06 PF Robert Horry
25%
Heat05 PG Damon Jones
22%
Heat05 SF Eddie Jones
22%
Lakers08 SF Lamar Odom
22%
Raptors18 SF OG Anunoby
22%
Jazz21 SF Royce O'Neale
22%
Cavs11 PF Anderson Varejao
19%
Spurs01 SG Derek Anderson
19%
Mavs07 PG Jason Terry
19%
Nets02 PF Kenyon Martin
19%
Pacers00 C Rik Smits
19%
Wolves04 SG Latrell Sprewell
17%
Bucks19 SG Malcolm Brogdon
17%
Suns05 SF Quentin Richardson
17%
Kings02 SG Doug Christie
14%
Sixers01 PG Eric Snow
14%
Lakers00 PG Ron Harper
14%
Lakers00 SF Glen Rice
11%
Pacers04 PG Jamaal Tinsley
11%
Nets02 SG Kerry Kittles
11%
Spurs01 SF Sean Elliot
11%
Bucks20 SG Westley Matthews
11%
Spurs11 C Matt Bonner
8%
Pacers04 PF Al Harrington
3%
Mavs07 C Erick Dampier
3%
Sixers01 SF George Lynch
3%
Nets02 SF Keith Van Horn
3%
Spurs01 PG Terry Porter
3%
Nets02 C Todd MacCulloch
3%
Wolves04 SF Trenton Hassell
0%
No matching quizzes found
Score Distribution
Percent of People with Each Score
Percentile by Number Answered
Your Score History
You have not taken this quiz